000 00998nam a22002657a 4500
005 20250220085920.0
008 250220b ||||| |||| 00| 0 eng d
020 _a0226078744
040 _aCO-BoUCM
_cDavid Moreno
_dDavid Moreno
041 _aeng
100 1 _aBuchsbaum, Ralph
_d1907-2002
_9184690
245 1 0 _aAnimals without backbones.
_cRalph Buchsbaum, Mildred Buchsbaum, John Pearse …[and another].
250 _a3a.Ed
260 _aChicago, Illinois
_bUniversity of Chicago Press
_c1987
300 _ax, 572 Paginas
_bilustraciones
504 _aIncluye referencias bibliográficas e índices
650 1 4 _aAnimales
_xInvertebrados
_9178501
650 1 4 _aZoología de invertebrados
_xClasificación de invertebrados
_9184691
653 _aAnimales sin esqueleto óseo
700 1 _aBuchsbaum, Mildred
_9184692
700 1 _aPearse, John
_9184693
700 1 _aPearse, Vicki
_9184694
942 _2DEWEY
_a14
_cLIBRO
_e3
_h592
_mB921a
_n0
999 _c325253
_d325253